El poder del centro: estudio sobre la composición en las artes visuales
Uloženo v:
| Hlavní autor: | |
|---|---|
| Médium: | Kniha |
| Jazyk: | španělština |
| Vydáno: |
Madrid
Alianza
1984
|
| Edice: | Alianza Forma, 45
|
| Témata: | |
| Tagy: |
Přidat tag
Žádné tagy, Buďte první, kdo vytvoří štítek k tomuto záznamu!
|
MARC
| LEADER | 00000nam a2200000 a 4500 | ||
|---|---|---|---|
| 001 | UCX0102 | ||
| 003 | CL-VaPUC | ||
| 008 | 890811e19840000SP |||||||||||||||||spa|d | ||
| 082 | 0 | 4 | |a 701.8 |b ARN |2 21 |
| 100 | 0 | |a Arnheim, Rudolf |e author |9 315520 | |
| 245 | 1 | 3 | |a El poder del centro: estudio sobre la composición en las artes visuales |
| 300 | |a 250 p | ||
| 942 | |c BK | ||
| 945 | |d 19890811 00:00:00 | ||
| 260 | |a Madrid |b Alianza |c 1984 | ||
| 650 | 0 | |a Composición (Arte) |9 315521 | |
| 583 | |a last modification |c 19890811 00:00:00 |k Rodrigo Vera | ||
| 490 | 0 | |a Alianza Forma, 45 | |
| 999 | |c 221839 |d 221837 | ||
| 952 | |0 0 |1 0 |4 0 |6 701_800000000000000_ARN_1984 |7 0 |8 A |9 215782 |a BIBHIS |b BIBHIS |d 2019-11-15 |i 2843226 |o 701.8 ARN 1984 |p 2843226 |r 2025-01-20 |w 2019-11-15 |y BK |k HIS | ||